000 00633nam a2200241Ia 4500
003 OSt
005 20221007081635.0
006 a|||||r|||| 00| 0
007 ta
008 221006b |||||||| |||| 00| 0 eng d
020 _a9781849464369
024 _a45,559
037 _cTextual
040 _aFLL
_cFLL
_beng
041 _2eng
_aeng
082 _aZ1,145, Q6
100 _aBEHRENS Paul
_9686937
245 0 _aDiplomatic interference and the law
260 _aOregon
_bHart Publishing UK
_c2016
300 _axli,493p.
_ccm.
942 _hZ1,145, Q6
_cTEXL
_2CC
999 _c1163795
_d1163795